Sigmund Freud : (Record no. 218602)
[ view plain ]
| 000 -LEADER | |
|---|---|
| fixed length control field | 01061pam a2200301 a 4500 |
| 001 - CONTROL NUMBER | |
| control field | 000560927 |
| 003 - CONTROL NUMBER IDENTIFIER | |
| control field | AM-YeHGA |
| 005 - DATE AND TIME OF LATEST TRANSACTION | |
| control field | 20250617140352.0 |
| 008 - FIXED-LENGTH DATA ELEMENTS--GENERAL INFORMATION | |
| fixed length control field | 911126r19921947nju b 000 0beng d |
| 020 ## - INTERNATIONAL STANDARD BOOK NUMBER | |
| International Standard Book Number | 1560006110 |
| 040 ## - CATALOGING SOURCE | |
| Original cataloging agency | AM-YeHGA |
| 041 0# - LANGUAGE CODE | |
| Language code of text/sound track or separate title | eng |
| 043 ## - GEOGRAPHIC AREA CODE | |
| Geographic area code | e-au--- |
| 090 ## - LOCALLY ASSIGNED LC-TYPE CALL NUMBER (OCLC); LOCAL CALL NUMBER (RLIN) | |
| -- | 220130 |
| 100 1# - MAIN ENTRY--PERSONAL NAME | |
| Personal name | Puner, Helen Walker, |
| Dates associated with a name | 1915- |
| 245 10 - TITLE STATEMENT | |
| Title | Sigmund Freud : |
| Remainder of title | His life and mind / |
| Statement of responsibility, etc. | Helen Walker Puner ; Foreword by Erich Fromm ; With a new introduction by Paul Roazen and an afterword by S.P. Puner. |
| 260 ## - PUBLICATION, DISTRIBUTION, ETC. | |
| Place of publication, distribution, etc. | New Brunswick, N.J., U.S.A. : |
| Name of publisher, distributor, etc. | Transaction Publishers, |
| Date of publication, distribution, etc. | 1992. |
| 300 ## - PHYSICAL DESCRIPTION | |
| Extent | xx, 269 p. ; |
| Dimensions | 23 cm. |
| 490 1# - SERIES STATEMENT | |
| Series statement | History of ideas series |
| 500 ## - GENERAL NOTE | |
| General note | Originally published: New York : Howell, Soskin, 1947. |
| 504 ## - BIBLIOGRAPHY, ETC. NOTE | |
| Bibliography, etc. note | Includes bibliogr. references (p. 265-269). |
| 600 10 - SUBJECT ADDED ENTRY--PERSONAL NAME | |
| Personal name | Freud, Sigmund, |
| Dates associated with a name | 1856-1939. |
| 650 #0 - SUBJECT ADDED ENTRY--TOPICAL TERM | |
| Topical term or geographic name entry element | Psychoanalysts |
| Geographic subdivision | Austria |
| General subdivision | Biography |
| 700 1# - ADDED ENTRY--PERSONAL NAME | |
| Personal name | Fromm, Erich |
| Relationship | aft |
| 700 1# - ADDED ENTRY--PERSONAL NAME | |
| Personal name | Roazen, Paul |
| Relationship | aui |
| 700 1# - ADDED ENTRY--PERSONAL NAME | |
| Personal name | Puner, S.P. |
| Relationship | aft |
| 830 #0 - SERIES ADDED ENTRY--UNIFORM TITLE | |
| Uniform title | History of ideas series (New Brunswick, N.J.) |
| Withdrawn status | Lost status | Source of classification or shelving scheme | Damaged status | Not for loan | Collection | Home library | Current library | Date acquired | Cost, normal purchase price | Shelving control number | Total checkouts | Full call number | Barcode | Date last seen | Price effective from | Koha item type | Public note |
|---|---|---|---|---|---|---|---|---|---|---|---|---|---|---|---|---|---|
| Universal Decimal Classification | Pambookian Individual Collection | Fundamental Scientific Library | Fundamental Scientific Library | 28/12/2016 | 2700.00 | Pamb/3294 | FL0024496 | 28/12/2016 | 28/12/2016 | Գրքեր / Books | ILL Non-Circ. |
ՀՀ Գիտությունների ազգային ակադեմիայի հիմնարար գիտական գրադարան = Fundamental Scientific Library of NAS RA
All site content, except where otherwise noted, is licensed under a